Statistics for Countries with most followers of Jainism

Click here to take the quiz!

General Stats

  • This quiz has been taken 110 times
  • The average score is 7 of 10

Answer Stats

Jain PopulationCountry% Correct
5,146,697India
99%
79,459United States
95%
16,869United Kingdom
92%
12,101Canada
90%
6,800Nepal
86%
2,398Myanmar
67%
2,052Malaysia
65%
68,848Kenya
35%
9,002Tanzania
31%
2,663Uganda
30%

Score Distribution

Percentile by Number Answered

Percent of People with Each Score

Your Score History

You have not taken this quiz